Victims of crime / (Record no. 125909)

MARC details
000 -LEADER
fixed length control field 00680nam a22002297a 4500
005 - DATE AND TIME OF LATEST TRANSACTION
control field 20170124110002.0
010 ## - LIBRARY OF CONGRESS CONTROL NUMBER
LC control number A-382024
020 ## - INTERNATIONAL STANDARD BOOK NUMBER
Terms of availability 00.00
International Standard Book Number 8170231558
035 ## - SYSTEM CONTROL NUMBER
System control number A-382024
037 ## - SOURCE OF ACQUISITION
Source of stock number/acquisition Cen Lib/Ret
040 ## - CATALOGING SOURCE
Original cataloging agency DPL
Language of cataloging EN
082 ## - DEWEY DECIMAL CLASSIFICATION NUMBER
Classification number 364
Item number RAO
100 ## - MAIN ENTRY--PERSONAL NAME
Personal name Rao, S. Venugopal
9 (RLIN) 15945
245 ## - TITLE STATEMENT
Title Victims of crime /
Statement of responsibility, etc by S. Venugopal Rao
260 ## - PUBLICATION, DISTRIBUTION, ETC. (IMPRINT)
Place of publication, distribution, etc New Delhi
Name of publisher, distributor, etc Allied Publishers
Date of publication, distribution, etc 1989
270 ## - ADDRESS
City New Delhi
Address 13/14, asaf ali road,
Postal code 110002
300 ## - PHYSICAL DESCRIPTION
Extent 244p.
Dimensions 20cm(Hb)
500 ## - GENERAL NOTE
General note Includes bibliographical references and index
650 ## - SUBJECT ADDED ENTRY--TOPICAL TERM
Topical term or geographic name as entry element Criminal justice
9 (RLIN) 15946
650 ## - SUBJECT ADDED ENTRY--TOPICAL TERM
Topical term or geographic name as entry element Legal aspects
9 (RLIN) 15947
942 ## - ADDED ENTRY ELEMENTS (KOHA)
Source of classification or shelving scheme Dewey Decimal Classification
Koha item type English Books
Classification part 364
Call number suffix RAO
Holdings
Withdrawn status Lost status Damaged status Not for loan Home library Current library Date acquired Source of acquisition Cost, normal purchase price Total Checkouts Full call number Barcode Date last seen Copy number Cost, replacement price Price effective from Koha item type Public note
Written off       Central Library Central Library 24/06/2015 Cen Lib/Ret 0.00   364 RAO A-382024 24/06/2015 1 0.00 24/06/2015 English Books W/d list no. 6842/6

© Delhi Public Library
Hit Counter
free hit counter